[Event "13. Hogeschool Zeeland Tournament"]
[Site "Vlissingen NED"]
[Date "2009.08.02"]
[Round "3.30"]
[White "Beijerinck, Nick"]
[Black "Ducarmon, Quinten"]
[Result "1-0"]
[WhiteElo "2022"]
[BlackElo "2201"]
[PlyCount "203"]
[EventDate "2009.08.01"]
[EventType "swiss"]
[EventRounds "9"]
[EventCountry "NED"]
[Source "lmi"]
[SourceDate "2009.08.01"]

1. e4 c5 2. Nf3 d6 3. d4 cxd4 4. Nxd4 Nf6 5. Nc3 a6 6. Bg5 e6 7. f4 Be7 8. Qf3
h6 9. Bh4 Qc7 10. O-O-O Nbd7 11. Bd3 g5 12. fxg5 Ne5 13. Qe2 Nfg4 14. Nf3 hxg5
15. Bg3 Nxf3 16. Qxf3 Ne5 17. Bxe5 dxe5 18. Rhf1 Rh4 19. Be2 Bd7 20. Rd3 O-O-O
21. Qg3 Bc6 22. Bg4 Kb8 23. Rxd8+ Bxd8 24. h3 Be7 25. Qd3 Bb4 26. Rd1 Bxc3 27.
bxc3 Rh8 28. Qe3 Rc8 29. c4 Qa5 30. a3 Ba4 31. Be2 f5 32. exf5 exf5 33. Rd5
Qe1+ 34. Kb2 e4 35. Rxf5 Rg8 36. Qxe4 Bc6 37. Qe5+ Ka8 38. Bf3 Qxe5+ 39. Rxe5
Bxf3 40. gxf3 Rf8 41. Rxg5 Rxf3 42. Rh5 Ka7 43. Rh6 b5 44. c5 Kb7 45. h4 Rf5
46. c6+ Kc7 47. Kb3 Rf4 48. c3 Rg4 49. h5 Rh4 50. Kc2 Rh3 51. Kd2 a5 52. Kc2 a4
53. Rh8 Kxc6 54. h6 Kb7 55. Kd2 Ka7 56. h7 Kb7 57. Ke2 Ka7 58. Kf2 Kb7 59. Kg2
Rh4 60. Kg3 Rh1 61. Kg4 Rg1+ 62. Kf5 Rh1 63. Ke6 Rh6+ 64. Kd7 Rh1 65. Kd8 Rd1+
66. Ke7 Rh1 67. Kd6 Rh5 68. Rd8 Rh6+ 69. Kc5 Rxh7 70. Kxb5 Rh3 71. Kb4 Rg3 72.
Rd4 Rh3 73. Rc4 Kb6 74. Kxa4 Rh5 75. Rg4 Ra5+ 76. Kb3 Rh5 77. a4 Kc6 78. Kb4
Rh1 79. Rg6+ Kb7 80. c4 Ra1 81. Kb5 Rb1+ 82. Kc5 Ra1 83. Rg7+ Ka6 84. Rg8 Ka7
85. Rg7+ Ka6 86. Kc6 Rxa4 87. c5 Rh4 88. Kc7 Kb5 89. c6 Rh6 90. Rg5+ Ka6 91.
Rd5 Rh7+ 92. Rd7 Rh6 93. Re7 Kb5 94. Re5+ Ka6 95. Re1 Rh7+ 96. Kd6 Rh6+ 97. Kd7
Rh7+ 98. Re7 Rh8 99. Re6 Rh7+ 100. Kd8 Rh8+ 101. Re8 Rh5 102. c7 1-0

[Event "13. Hogeschool Zeeland Tournament"]
[Site "Vlissingen NED"]
[Date "2009.08.02"]
[Round "3.31"]
[White "Van den Berg, Ad"]
[Black "Bielderman, Guy"]
[Result "1-0"]
[WhiteElo "2197"]
[BlackElo "2015"]
[PlyCount "23"]
[EventDate "2009.08.01"]
[EventType "swiss"]
[EventRounds "9"]
[EventCountry "NED"]
[Source "lmi"]
[SourceDate "2009.08.01"]

1. c4 c5 2. Nc3 g6 3. g3 Bg7 4. Bg2 Nc6 5. a3 e5 6. b4 cxb4 7. axb4 Nge7 8. b5
Nd4 9. Ba3 d6 10. e3 Ne6 11. Ne4 Nc5 12. Nxc5 1-0

[Event "13. Hogeschool Zeeland Tournament"]
[Site "Vlissingen NED"]
[Date "2009.08.02"]
[Round "3.32"]
[White "Vroombout, Enrico"]
[Black "Koelmans, Jan Willem"]
[Result "1/2-1/2"]
[WhiteElo "2190"]
[BlackElo "2008"]
[PlyCount "105"]
[EventDate "2009.08.01"]
[EventType "swiss"]
[EventRounds "9"]
[EventCountry "NED"]
[Source "lmi"]
[SourceDate "2009.08.01"]

1. e4 c5 2. Nf3 d6 3. d4 cxd4 4. Nxd4 Nf6 5. Nc3 a6 6. Be3 Ng4 7. Bg5 h6 8. Bh4
g5 9. Bg3 Bg7 10. Be2 Ne5 11. Qd2 Nbc6 12. O-O-O Nxd4 13. Qxd4 Be6 14. Kb1 Qc7
15. Nd5 Bxd5 16. Qxd5 Rc8 17. Qb3 b5 18. Rhe1 O-O 19. h4 Nc4 20. Bxc4 bxc4 21.
Qa3 Rb8 22. e5 dxe5 23. hxg5 hxg5 24. Qc3 Rb5 25. Re4 Rxb2+ 26. Kxb2 Qb7+ 27.
Kc1 Qxe4 28. Re1 Qd4 29. Qxd4 exd4 30. Rxe7 Rc8 31. Ra7 Rc6 32. a4 Bf6 33. Bc7
d3 34. cxd3 Bd4 35. Ra8+ Kg7 36. Bg3 cxd3+ 37. Kd2 f5 38. Kxd3 Bf6 39. Ra7+ Kg6
40. Bc7 f4 41. a5 Kf5 42. Bb6 g4 43. Rxa6 Rc3+ 44. Kd2 Ra3 45. Ra8 g3 46. f3
Ra2+ 47. Kd3 Rxg2 48. a6 Rb2 49. Rb8 g2 50. a7 Rxb6 51. Rxb6 g1=Q 52. Rxf6+
Kxf6 53. a8=Q 1/2-1/2

[Event "13. Hogeschool Zeeland Tournament"]
[Site "Vlissingen NED"]
[Date "2009.08.02"]
[Round "3.33"]
[White "Meenu, Rajendran"]
[Black "Lacrosse, Marc"]
[Result "1/2-1/2"]
[WhiteElo "2003"]
[BlackElo "2184"]
[PlyCount "87"]
[EventDate "2009.08.01"]
[EventType "swiss"]
[EventRounds "9"]
[EventCountry "NED"]
[Source "lmi"]
[SourceDate "2009.08.01"]

1. e4 e5 2. Nf3 Nc6 3. Bc4 Bc5 4. c3 Nf6 5. d3 a6 6. Bb3 Ba7 7. Nbd2 O-O 8. h3
d5 9. Qe2 Re8 10. Nf1 h6 11. Ng3 Be6 12. O-O Qd7 13. Kh2 Rad8 14. Bc2 b5 15. b3
d4 16. c4 Bc5 17. Nh4 Bf8 18. Qf3 Ne7 19. Kg1 Nh7 20. Nhf5 Bxf5 21. exf5 Nf6
22. Ba3 Nxf5 23. Nxf5 Bxa3 24. Nxh6+ gxh6 25. Qxf6 Re6 26. Qf5 Rg6 27. Qxd7
Rxd7 28. Rae1 f6 29. f4 Rdg7 30. Re2 Bd6 31. fxe5 Bxe5 32. a4 b4 33. Rf3 Rg3
34. Rxg3 Rxg3 35. Kf1 a5 36. Re4 Re3 37. Rxe3 dxe3 38. Ke2 Bd4 39. Kf3 Kf7 40.
Bd1 f5 41. Kf4 Kf6 42. Be2 Bc5 43. Bd1 Bd4 44. Be2 1/2-1/2

[Event "13. Hogeschool Zeeland Tournament"]
[Site "Vlissingen NED"]
[Date "2009.08.02"]
[Round "3.34"]
[White "Verduyn, Frederic"]
[Black "Kahleys, Kevin"]
[Result "1-0"]
[WhiteElo "2183"]
[BlackElo "1986"]
[PlyCount "69"]
[EventDate "2009.08.01"]
[EventType "swiss"]
[EventRounds "9"]
[EventCountry "NED"]
[Source "lmi"]
[SourceDate "2009.08.01"]

1. e4 e6 2. Nc3 d5 3. f4 Nf6 4. e5 Nfd7 5. Nf3 c5 6. d3 Nc6 7. g3 Be7 8. Bg2 g5
9. Nxg5 Bxg5 10. fxg5 Ndxe5 11. O-O Qb6 12. Qe2 c4+ 13. Kh1 cxd3 14. cxd3 Qa6
15. Bf4 Qxd3 16. Qe1 Ng6 17. Rd1 Nxf4 18. Rxf4 Qg6 19. Nxd5 O-O 20. Nf6+ Kh8
21. Rh4 e5 22. Rh6 Bf5 23. Rxg6 hxg6 24. g4 Kg7 25. gxf5 Rad8 26. Rxd8 Rxd8 27.
Bxc6 bxc6 28. Qxe5 Rd1+ 29. Kg2 gxf5 30. Ne4+ Kg8 31. Qxf5 Re1 32. b4 Re2+ 33.
Kf3 Re1 34. b5 Rf1+ 35. Nf2 1-0

[Event "13. Hogeschool Zeeland Tournament"]
[Site "Vlissingen NED"]
[Date "2009.08.02"]
[Round "3.35"]
[White "Van Gemert, Rogier"]
[Black "Haast, Anne"]
[Result "0-1"]
[WhiteElo "1844"]
[BlackElo "2158"]
[PlyCount "60"]
[EventDate "2009.08.01"]
[EventType "swiss"]
[EventRounds "9"]
[EventCountry "NED"]
[Source "lmi"]
[SourceDate "2009.08.01"]

1. Nf3 Nf6 2. d4 g6 3. Bg5 Bg7 4. Nbd2 O-O 5. e4 d6 6. Be2 c5 7. c3 h6 8. Bh4
g5 9. Bg3 Nh5 10. dxc5 Nxg3 11. hxg3 dxc5 12. Qc2 Qc7 13. e5 Rd8 14. O-O-O Nc6
15. Nxg5 hxg5 16. Qh7+ Kf8 17. f4 b5 18. Rh5 Nxe5 19. Rxg5 Ng6 20. Bh5 e5 21.
f5 Qe7 22. Ne4 Rxd1+ 23. Bxd1 Bb7 24. f6 Bxf6 25. Nxf6 Qxf6 26. Qh6+ Ke7 27.
Rg4 Rd8 28. Qe3 Rd5 29. Bf3 Rd6 30. Bd1 Qf1 0-1

[Event "13. Hogeschool Zeeland Tournament"]
[Site "Vlissingen NED"]
[Date "2009.08.02"]
[Round "3.36"]
[White "Haak, Eelco"]
[Black "Galle, Andre"]
[Result "1-0"]
[WhiteElo "2154"]
[BlackElo "1983"]
[PlyCount "61"]
[EventDate "2009.08.01"]
[EventType "swiss"]
[EventRounds "9"]
[EventCountry "NED"]
[Source "lmi"]
[SourceDate "2009.08.01"]

1. d4 e6 2. e4 d5 3. exd5 exd5 4. c4 Nf6 5. Nc3 c6 6. h3 Be7 7. Nf3 O-O 8. Bd3
dxc4 9. Bxc4 Nbd7 10. O-O Nb6 11. Bb3 h6 12. Qd3 Nbd5 13. a3 Be6 14. Re1 Re8
15. Bc2 Bf8 16. Ne5 Qc7 17. Nxd5 Bxd5 18. Bf4 Qa5 19. b4 Qb5 20. Qg3 Nh5 21.
Qh4 Nxf4 22. Qxf4 g6 23. Ng4 Rxe1+ 24. Rxe1 Bg7 25. Nxh6+ Kh7 26. Nxf7 Qc4 27.
Ng5+ Kg8 28. Bxg6 Qxd4 29. Bf7+ Bxf7 30. Qxf7+ Kh8 31. Re8+ 1-0

[Event "13. Hogeschool Zeeland Tournament"]
[Site "Vlissingen NED"]
[Date "2009.08.02"]
[Round "3.38"]
[White "Vovk, Yuri"]
[Black "Lasschuit, Rene"]
[Result "1-0"]
[WhiteElo "2567"]
[BlackElo "1702"]
[PlyCount "53"]
[EventDate "2009.08.01"]
[EventType "swiss"]
[EventRounds "9"]
[EventCountry "NED"]
[Source "lmi"]
[SourceDate "2009.08.01"]

1. e4 e6 2. d4 d5 3. Nc3 Nf6 4. Bg5 dxe4 5. Nxe4 Be7 6. Bxf6 Bxf6 7. Nf3 O-O 8.
Qd2 Be7 9. Bd3 Nd7 10. O-O-O b6 11. Neg5 Nf6 12. Ne5 Bb7 13. h4 c5 14. dxc5 Qc7
15. Nd7 Rfd8 16. Nxf6+ gxf6 17. Nf3 Bf8 18. Rh3 Qxc5 19. Rg3+ Kh8 20. Qf4 Bg7
21. h5 Rac8 22. c3 Bxf3 23. gxf3 Rd4 24. h6 Rxf4 25. hxg7+ Kg8 26. Bxh7+ Kxh7
27. Rh1+ 1-0

[Event "13. Hogeschool Zeeland Tournament"]
[Site "Vlissingen NED"]
[Date "2009.08.02"]
[Round "3.39"]
[White "Harini, S."]
[Black "Soumya, Swaminathan"]
[Result "0-1"]
[WhiteElo "1986"]
[BlackElo "2309"]
[PlyCount "140"]
[EventDate "2009.08.01"]
[EventType "swiss"]
[EventRounds "9"]
[EventCountry "NED"]
[Source "lmi"]
[SourceDate "2009.08.01"]

1. e4 c5 2. Nf3 Nc6 3. d4 cxd4 4. Nxd4 Qb6 5. Nb3 Nf6 6. Nc3 e6 7. Be3 Qc7 8.
Bd3 a6 9. f4 d6 10. a4 b6 11. O-O Be7 12. Qf3 Bb7 13. Qg3 h5 14. h3 g6 15. Nd4
Nb4 16. e5 dxe5 17. fxe5 Nxd3 18. cxd3 Nd5 19. Nxd5 Bxd5 20. Rac1 Qd7 21. Qf4
O-O 22. Nf3 Bxf3 23. Rxf3 Qxd3 24. Bxb6 Qd5 25. a5 g5 26. Qe3 Rac8 27. Rcf1 Bc5
28. Bxc5 Qxc5 29. b4 Qxe3+ 30. Rxe3 Rc4 31. Rb1 Rb8 32. b5 axb5 33. a6 b4 34.
Reb3 Kg7 35. a7 Ra8 36. Ra1 Rc7 37. Rxb4 Rcxa7 38. Rf1 Ra1 39. Rxa1 Rxa1+ 40.
Kf2 Ra5 41. Re4 Kg6 42. Re3 Ra4 43. g3 Ra2+ 44. Kg1 Rb2 45. Re1 h4 46. gxh4
gxh4 47. Re3 Ra2 48. Re1 Ra4 49. Kg2 Rf4 50. Ra1 Kf5 51. Ra5 Ke4 52. Rb5 Rf5
53. Rb4+ Kxe5 54. Rxh4 Rf4 55. Rh8 Kd4 56. Kg3 e5 57. Ra8 Rf6 58. h4 Rg6+ 59.
Kf2 e4 60. Ra4+ Ke5 61. h5 Rg4 62. h6 Kf4 63. Ra7 f5 64. h7 e3+ 65. Kf1 Kf3 66.
Re7 Rh4 67. Kg1 e2 68. Re5 f4 69. Re8 Rxh7 70. Re3+ Kxe3 0-1

[Event "13. Hogeschool Zeeland Tournament"]
[Site "Vlissingen NED"]
[Date "2009.08.02"]
[Round "3.40"]
[White "Colijn, Stefan"]
[Black "Sparreboom, Wil"]
[Result "1-0"]
[WhiteElo "2187"]
[BlackElo "1977"]
[PlyCount "53"]
[EventDate "2009.08.01"]
[EventType "swiss"]
[EventRounds "9"]
[EventCountry "NED"]
[Source "lmi"]
[SourceDate "2009.08.01"]

1. e4 e6 2. d4 d5 3. Bd3 Nf6 4. e5 Nfd7 5. c3 c5 6. Nf3 Nc6 7. Nbd2 Qb6 8. O-O
cxd4 9. cxd4 Nxd4 10. Nxd4 Qxd4 11. Nf3 Qb6 12. a3 Be7 13. Qa4 O-O 14. Qg4 f5
15. exf6 Nxf6 16. Qh4 Qd8 17. Bg5 h6 18. Rae1 Bd7 19. Re5 Re8 20. Bxh6 Ne4 21.
Qg4 Bf6 22. Bxe4 dxe4 23. Rxe4 e5 24. Qg6 Qc8 25. Ng5 Bf5 26. Qf7+ Kh8 27.
Bxg7+ 1-0

[Event "13. Hogeschool Zeeland Tournament"]
[Site "Vlissingen NED"]
[Date "2009.08.02"]
[Round "3.41"]
[White "Admiraal, Miguoel"]
[Black "Dubbeldam, Nick"]
[Result "1/2-1/2"]
[WhiteElo "2173"]
[BlackElo "1971"]
[PlyCount "118"]
[EventDate "2009.08.01"]
[EventType "swiss"]
[EventRounds "9"]
[EventCountry "NED"]
[Source "lmi"]
[SourceDate "2009.08.01"]

1. Nf3 c5 2. e4 Nf6 3. Nc3 d5 4. exd5 Nxd5 5. Bb5+ Bd7 6. Ne5 Nf6 7. Bc4 e6 8.
O-O Nc6 9. Nf3 Nd4 10. Re1 Qc7 11. d3 a6 12. Nxd4 cxd4 13. Ne2 Bd6 14. h3 b5
15. Bb3 Qc5 16. Bf4 Bxf4 17. Nxf4 O-O 18. Ne2 Bc6 19. Qd2 Rad8 20. Rac1 Qd6 21.
Qg5 Nd7 22. Ng3 h6 23. Qd2 Nc5 24. Re2 Nxb3 25. cxb3 Bb7 26. Rc2 Rc8 27. Qc1
Qd5 28. f3 Rfd8 29. Kf2 Kf8 30. Rxc8 Rxc8 31. Rc2 Rxc2+ 32. Qxc2 Qc6 33. Qxc6
Bxc6 34. b4 Ke7 35. Nf1 Kd6 36. Nd2 Bd5 37. b3 g5 38. Ke2 e5 39. Nf1 f5 40. Ng3
Ke6 41. Kd2 g4 42. hxg4 fxg4 43. fxg4 Bxg2 44. Nf5 Kf6 45. Nxh6 Bd5 46. Nf5 Kg5
47. Nd6 Kxg4 48. Ne8 Kf5 49. Nc7 Bb7 50. a4 bxa4 51. bxa4 Kf6 52. a5 Ke7 53. b5
axb5 54. Nxb5 Kd7 55. Na3 Ba6 56. Kc2 Kc6 57. Nb1 Bxd3+ 58. Kxd3 Kb5 59. a6
Kxa6 1/2-1/2

[Event "13. Hogeschool Zeeland Tournament"]
[Site "Vlissingen NED"]
[Date "2009.08.02"]
[Round "3.42"]
[White "Cheng, Ngo Hin"]
[Black "In't Veld, Daan"]
[Result "0-1"]
[WhiteElo "1963"]
[BlackElo "2173"]
[PlyCount "54"]
[EventDate "2009.08.01"]
[EventType "swiss"]
[EventRounds "9"]
[EventCountry "NED"]
[Source "lmi"]
[SourceDate "2009.08.01"]

1. e4 c5 2. Nf3 e6 3. c3 Nf6 4. e5 Nd5 5. d4 cxd4 6. cxd4 d6 7. Bd3 Nc6 8. O-O
Ndb4 9. Bc4 dxe5 10. a3 e4 11. axb4 exf3 12. d5 exd5 13. Bxd5 Bxb4 14. Qxf3 O-O
15. Rd1 Qe7 16. Nc3 Bd7 17. Bf4 Rae8 18. Ne4 Be6 19. Ng3 Bxd5 20. Rxd5 Rd8 21.
Rg5 Nd4 22. Qg4 f6 23. Rh5 Rfe8 24. h4 a5 25. Kh2 Qe6 26. Nf5 Nxf5 27. Rxf5 g6
0-1

[Event "13. Hogeschool Zeeland Tournament"]
[Site "Vlissingen NED"]
[Date "2009.08.02"]
[Round "3.43"]
[White "Van der Linde, Maurits"]
[Black "Dijkstra, Arjan"]
[Result "1-0"]
[WhiteElo "2171"]
[BlackElo "1948"]
[PlyCount "91"]
[EventDate "2009.08.01"]
[EventType "swiss"]
[EventRounds "9"]
[EventCountry "NED"]
[Source "lmi"]
[SourceDate "2009.08.01"]

1. e4 c5 2. Nf3 d6 3. d4 cxd4 4. Nxd4 Nf6 5. f3 Nc6 6. c4 Qb6 7. Nc2 e6 8. Nc3
a6 9. Rb1 Be7 10. Be3 Qc7 11. Be2 O-O 12. O-O Ne5 13. Qd4 Qc5 14. Qd1 Qc7 15.
Na4 Bd7 16. Nb6 Rad8 17. f4 Ng6 18. Nxd7 Rxd7 19. Bd3 Rfd8 20. Kh1 d5 21. cxd5
Bc5 22. Qf3 Bxe3 23. Nxe3 exd5 24. e5 Ne4 25. Rbd1 Nc5 26. Nf5 Qc6 27. Nd4 Qb6
28. Bf5 Nh4 29. Qg4 Nxf5 30. Nxf5 Qg6 31. Qxg6 hxg6 32. Nd6 Ne4 33. Rxd5 Rc7
34. Kg1 Nxd6 35. Rxd6 Rxd6 36. exd6 Rd7 37. Rd1 f5 38. Kf2 Kf7 39. Kg3 g5 40.
fxg5 g6 41. Kf4 Ke6 42. g4 fxg4 43. Kxg4 Kf7 44. Rf1+ Kg7 45. Rf6 Rd8 46. Kf4
1-0

[Event "13. Hogeschool Zeeland Tournament"]
[Site "Vlissingen NED"]
[Date "2009.08.02"]
[Round "3.44"]
[White "Verstraeten, Reinaert"]
[Black "Plachkinova, Tatjana G"]
[Result "0-1"]
[WhiteElo "1949"]
[BlackElo "2169"]
[PlyCount "114"]
[EventDate "2009.08.01"]
[EventType "swiss"]
[EventRounds "9"]
[EventCountry "NED"]
[Source "lmi"]
[SourceDate "2009.08.01"]

1. e4 c5 2. Nc3 Nc6 3. f4 d6 4. Nf3 Nf6 5. Bc4 e6 6. O-O d5 7. exd5 exd5 8. Bb5
Be7 9. Ne5 Qc7 10. Qf3 Be6 11. Re1 O-O 12. Bxc6 bxc6 13. f5 Bd6 14. Ng4 Nxg4
15. Qxg4 Bd7 16. d3 Bxh2+ 17. Kh1 Qg3 18. Qxg3 Bxg3 19. Rf1 Rfe8 20. Bf4 Bxf4
21. Rxf4 Rab8 22. b3 Rb4 23. Raf1 Rxf4 24. Rxf4 Re5 25. f6 gxf6 26. Rxf6 Be6
27. Na4 d4 28. Kg1 Kg7 29. Rf4 Re1+ 30. Rf1 Re2 31. Rf2 Re5 32. Rf4 h5 33. Kf2
Bg4 34. Re4 Rxe4 35. dxe4 Bd1 36. Nxc5 Bxc2 37. Kf3 Kf6 38. Kf4 Ke7 39. e5 f6
40. exf6+ Kxf6 41. b4 h4 42. a3 Bf5 43. Nb3 d3 44. Nd2 Be6 45. Ne4+ Kg6 46. Ke3
Kh5 47. Nf2 Bd5 48. Nxd3 Bxg2 49. Nf4+ Kg4 50. a4 Bf1 51. Ke4 Bc4 52. Ke3 Bb3
53. a5 h3 54. Nxh3 Kxh3 55. Kd4 a6 56. Kc5 Ba4 57. b5 Bxb5 0-1

[Event "13. Hogeschool Zeeland Tournament"]
[Site "Vlissingen NED"]
[Date "2009.08.02"]
[Round "3.45"]
[White "Smits, Sebastiaan"]
[Black "Kuijpers, Jos"]
[Result "1-0"]
[WhiteElo "2165"]
[BlackElo "1943"]
[PlyCount "63"]
[EventDate "2009.08.01"]
[EventType "swiss"]
[EventRounds "9"]
[EventCountry "NED"]
[Source "lmi"]
[SourceDate "2009.08.01"]

1. e4 g6 2. d4 Bg7 3. Nc3 d6 4. Be3 f5 5. exf5 Bxf5 6. g4 Bd7 7. h4 c6 8. h5
gxh5 9. g5 Qb6 10. Qxh5+ Kd8 11. O-O-O Be8 12. Qg4 Nd7 13. Nge2 Nf8 14. Nf4 Bd7
15. Qf3 Be8 16. Bh3 h6 17. Ne6+ Nxe6 18. Bxe6 h5 19. Qf5 Kc7 20. Ne4 Qb5 21.
Ng3 Qxf5 22. Nxf5 Bf8 23. Rhg1 Bg6 24. Nh4 Be4 25. c4 Nf6 26. gxf6 exf6 27. f3
Bh7 28. Bf4 Kb6 29. Ng6 Bxg6 30. Rxg6 h4 31. Rh1 Re8 32. d5 1-0

[Event "13. Hogeschool Zeeland Tournament"]
[Site "Vlissingen NED"]
[Date "2009.08.02"]
[Round "3.46"]
[White "Thora, Jack"]
[Black "Go, Benjamin"]
[Result "1/2-1/2"]
[WhiteElo "1947"]
[BlackElo "2162"]
[PlyCount "83"]
[EventDate "2009.08.01"]
[EventType "swiss"]
[EventRounds "9"]
[EventCountry "NED"]
[Source "lmi"]
[SourceDate "2009.08.01"]

1. Nf3 g6 2. g3 Bg7 3. Bg2 e5 4. e4 Nc6 5. d3 Nge7 6. O-O O-O 7. Nc3 d6 8. Be3
h6 9. Qd2 Kh7 10. Ne1 Be6 11. Nd5 Qd7 12. c3 Ng8 13. f4 Bxd5 14. exd5 Nce7 15.
d4 exf4 16. Bxf4 Rae8 17. Qd3 Nf6 18. c4 Nh5 19. Nc2 Nxf4 20. Rxf4 f5 21. Re1
Ng8 22. Rff1 Nf6 23. b3 Nh5 24. Bf3 Nf6 25. Bg2 Rxe1 26. Rxe1 f4 27. Re6 fxg3
28. Qxg3 Qf7 29. Qe1 Ng4 30. Be4 Qf4 31. Bxg6+ Kh8 32. Re2 Bxd4+ 33. Nxd4 Qxd4+
34. Kg2 Qf4 35. Kg1 Ne5 36. Be4 Rg8+ 37. Rg2 Re8 38. Re2 Qg5+ 39. Kh1 Ng4 40.
Qc3+ Qg7 41. Qxg7+ Kxg7 42. Kg2 1/2-1/2

[Event "13. Hogeschool Zeeland Tournament"]
[Site "Vlissingen NED"]
[Date "2009.08.02"]
[Round "3.47"]
[White "Riemens, Albert"]
[Black "Kok, Ivo"]
[Result "1/2-1/2"]
[WhiteElo "2156"]
[BlackElo "1926"]
[PlyCount "50"]
[EventDate "2009.08.01"]
[EventType "swiss"]
[EventRounds "9"]
[EventCountry "NED"]
[Source "lmi"]
[SourceDate "2009.08.01"]

1. e4 d5 2. exd5 Nf6 3. d4 Nxd5 4. Be2 g6 5. c4 Nb6 6. h3 Bg7 7. Nf3 O-O 8. Nc3
Nc6 9. Be3 e5 10. d5 Ne7 11. g4 f5 12. Ng5 e4 13. Bc5 Bf6 14. h4 Re8 15. Qb3 h6
16. Ne6 Bxe6 17. dxe6 c6 18. Rd1 Qc8 19. gxf5 Nxf5 20. Nxe4 Qxe6 21. Nxf6+ Qxf6
22. Be3 Nxh4 23. c5+ Nd5 24. Rxd5 cxd5 25. Qxd5+ Kh7 1/2-1/2

[Event "13. Hogeschool Zeeland Tournament"]
[Site "Vlissingen NED"]
[Date "2009.08.02"]
[Round "3.50"]
[White "Baekelant, Eva"]
[Black "Privitera, Franco"]
[Result "0-1"]
[WhiteElo "1921"]
[BlackElo "2131"]
[PlyCount "76"]
[EventDate "2009.08.01"]
[EventType "swiss"]
[EventRounds "9"]
[EventCountry "NED"]
[Source "lmi"]
[SourceDate "2009.08.01"]

1. d4 Nf6 2. c4 e6 3. Nc3 c5 4. d5 exd5 5. cxd5 Bd6 6. e4 Bc7 7. Bd3 d6 8. f4
a6 9. a4 O-O 10. Nf3 Bg4 11. O-O Nbd7 12. h3 Bxf3 13. Qxf3 Re8 14. b3 Ba5 15.
Ne2 c4 16. bxc4 Nc5 17. Ng3 Bc3 18. Ra3 Bd4+ 19. Be3 Bxe3+ 20. Qxe3 Nfd7 21.
Qd4 g6 22. Re1 Qh4 23. Qf2 Re7 24. Bc2 Rae8 25. Rb1 Qf6 26. Qd2 h5 27. Rd1 Qb2
28. Raa1 Qb6 29. a5 Qa7 30. Qf2 Qb8 31. h4 Nf6 32. e5 Ng4 33. Qd4 Qd8 34. e6
Rxe6 35. dxe6 Nxe6 36. Qb6 Qxh4 37. Nf1 Nxf4 38. Rd2 Re2 0-1

[Event "13. Hogeschool Zeeland Tournament"]
[Site "Vlissingen NED"]
[Date "2009.08.03"]
[Round "4.1"]
[White "Henrichs, Thomas"]
[Black "Krasenkow, Michal"]
[Result "0-1"]
[WhiteElo "2463"]
[BlackElo "2631"]
[PlyCount "78"]
[EventDate "2009.08.01"]
[EventType "swiss"]
[EventRounds "9"]
[EventCountry "NED"]
[Source "lmi"]
[SourceDate "2009.08.01"]

1. d4 Nf6 2. c4 g6 3. Nc3 d5 4. Bg5 Ne4 5. Bh4 Nxc3 6. bxc3 dxc4 7. e3 Be6 8.
Be2 c6 9. Nf3 b5 10. a4 Bg7 11. O-O f6 12. e4 a6 13. d5 Bf7 14. Nd4 cxd5 15.
exd5 Bxd5 16. Bf3 O-O 17. axb5 Ra7 18. b6 Rd7 19. Bxd5+ Rxd5 20. Qe2 Qxb6 21.
Qxe7 Re5 22. Qa3 f5 23. Rab1 Qc7 24. Rfd1 Re4 25. Bg5 f4 26. f3 Re3 27. Bh4
Rfe8 28. Bf2 R3e5 29. Qa2 Ra5 30. Qd2 Rd5 31. Qa2 Ra5 32. Qd2 Nc6 33. Nxc6 Qxc6
34. Qxf4 Bxc3 35. Rb6 Qc8 36. Rc1 Ra1 37. h4 Be5 38. Qd2 Rd8 39. Qxd8+ Qxd8 0-1

[Event "13. Hogeschool Zeeland Tournament"]
[Site "Vlissingen NED"]
[Date "2009.08.03"]
[Round "4.2"]
[White "Van den Doel, Erik"]
[Black "Rubio Mejia, Luis Ignacio"]
[Result "1-0"]
[WhiteElo "2590"]
[BlackElo "2371"]
[PlyCount "91"]
[EventDate "2009.08.01"]
[EventType "swiss"]
[EventRounds "9"]
[EventCountry "NED"]
[Source "lmi"]
[SourceDate "2009.08.01"]

1. e4 c5 2. Nf3 d6 3. d4 cxd4 4. Qxd4 Nc6 5. Bb5 Bd7 6. Bxc6 Bxc6 7. c4 Nf6 8.
Nc3 g6 9. O-O Bg7 10. Qd3 O-O 11. Nd4 Nd7 12. b3 Nc5 13. Qe3 Qb6 14. Rd1 Rfe8
15. Rb1 a6 16. Bb2 Ne6 17. Nce2 Nxd4 18. Bxd4 Bxd4 19. Nxd4 a5 20. a4 Qb4 21.
Re1 Qc5 22. Qd2 Qe5 23. Rbc1 Red8 24. Rc3 Bd7 25. Rg3 Qf6 26. Ne2 Bc6 27. Nc3
Re8 28. Qh6 Qg7 29. Qg5 Qe5 30. Qe3 Qf6 31. Rf3 Qe5 32. h4 h5 33. Rg3 Kh7 34.
Rg5 Qf6 35. f4 e6 36. Qd2 Rad8 37. Rf1 d5 38. cxd5 exd5 39. e5 Qe7 40. f5 Qc5+
41. Kh1 Qb4 42. fxg6+ fxg6 43. Rf7+ Kg8 44. Rf4 d4 45. Rxg6+ Kh7 46. Rf7+ 1-0

[Event "13. Hogeschool Zeeland Tournament"]
[Site "Vlissingen NED"]
[Date "2009.08.03"]
[Round "4.4"]
[White "Vovk, Andrey"]
[Black "Zelbel, Patrick"]
[Result "1-0"]
[WhiteElo "2506"]
[BlackElo "2348"]
[PlyCount "71"]
[EventDate "2009.08.01"]
[EventType "swiss"]
[EventRounds "9"]
[EventCountry "NED"]
[Source "lmi"]
[SourceDate "2009.08.01"]

1. e4 c5 2. Nf3 Nc6 3. Bb5 d6 4. O-O Bd7 5. c3 Nf6 6. Re1 a6 7. Ba4 e5 8. h3
Be7 9. d4 b5 10. Bc2 cxd4 11. cxd4 O-O 12. Nc3 Rc8 13. a3 Re8 14. Be3 Qc7 15.
Rc1 Qb8 16. Bg5 Qa7 17. dxe5 Nxe5 18. Bb3 Be6 19. Bxe6 fxe6 20. Rc2 Nxf3+ 21.
Qxf3 Rf8 22. Qe2 Kh8 23. Rd2 Rcd8 24. Red1 Qc5 25. Bf4 Ne8 26. Bg3 Rc8 27. Qg4
Rf6 28. e5 Rg6 29. Qf3 d5 30. Ne2 Qb6 31. Qf7 Bc5 32. Rc2 Nf6 33. b4 Rf8 34.
bxc5 Qd8 35. Qxe6 Ne4 36. Qxd5 1-0

[Event "13. Hogeschool Zeeland Tournament"]
[Site "Vlissingen NED"]
[Date "2009.08.03"]
[Round "4.5"]
[White "Bitalzadeh, Ali"]
[Black "Hoffmann, Michael"]
[Result "0-1"]
[WhiteElo "2434"]
[BlackElo "2502"]
[PlyCount "134"]
[EventDate "2009.08.01"]
[EventType "swiss"]
[EventRounds "9"]
[EventCountry "NED"]
[Source "lmi"]
[SourceDate "2009.08.01"]

1. d4 e6 2. c4 f5 3. Nf3 Nf6 4. g3 d5 5. Bg2 Bd6 6. O-O c6 7. b3 Qe7 8. Bb2 O-O
9. Qc1 b6 10. Ba3 Bb7 11. Bxd6 Qxd6 12. Nc3 Nbd7 13. Rd1 Ne4 14. Na4 f4 15. Nb2
c5 16. cxd5 exd5 17. Nd3 fxg3 18. hxg3 cxd4 19. Nxd4 Rac8 20. Qb2 Qf6 21. Rf1
Nc3 22. e3 Ba6 23. Nf4 Bxf1 24. Rxf1 g5 25. Nxd5 Nxd5 26. Bxd5+ Kh8 27. Qa3 Rc5
28. Be6 Ne5 29. Qxa7 Ra5 30. Qb7 Rxa2 31. Bf5 Qf7 32. Qxb6 Nf3+ 33. Nxf3 Qxf5
34. Nd4 Qf7 35. Qc5 Rxf2 36. Qe5+ Qf6 37. Qxf6+ R2xf6 38. Rb1 Ra6 39. b4 Ra3
40. Re1 Ra2 41. Rc1 Rff2 42. b5 h6 43. b6 Rfb2 44. g4 Rxb6 45. Nf5 Kh7 46. Rc7+
Kg8 47. Rc1 Ra4 48. Rc8+ Kf7 49. Rc7+ Ke8 50. Kf2 Rxg4 51. Kf3 Ra4 52. Rh7 Rf6
53. e4 Kf8 54. Rh8+ Kf7 55. Rh7+ Kg8 56. Rxh6 Rxh6 57. Nxh6+ Kg7 58. Nf5+ Kg6
59. Ne7+ Kh5 60. e5 g4+ 61. Kg3 Ra3+ 62. Kg2 Re3 63. Nc6 Kg5 64. Kf2 Kf4 65.
Ne7 g3+ 66. Kg2 Re2+ 67. Kf1 Kf3 0-1